00598nam a2200169Ia 4500001000900000003000500009005001700014008004100031010001100072040000900083082001700092110010800109245016100217260002900378300000900407650001200416dia_1845CHAP20230314121805.0220117s1967 xx 000 0 und d a172382 cCHAP a631.7972 M47 aMéxico. Secretaría de Recursos Hidráulicos. Dirección de Estadística y Estudios Económicos. aCaracterísticas de los Distritos de Riego /c por la Dirección de Estadística y Estudios Económicos.Secretaría de Recursos Hidráulicos.México. aMéxico :b S.I.,c1967 a3 v. a1.Riego